Los valores de los pequeños / (Registro nro. 14816)

Detalles MARC
000 -LIDER
fixed length control field 01007nam a22002897a 4500
003 - IDENTIFICACDOR DE NÚMERO DE CONTROL
control field DO-SdBNP
005 - DATE AND TIME OF LATEST TRANSACTION
control field 20240917132444.0
008 - ELEMENTOS DE LONGITUD FIJA
fixed length control field 171031b2009 ck 00| 0 spa d
020 ## - ISBN
International Standard Book Number 9787974795983
040 ## - FUENTE DE CATALOGACIÓN
Agencia que crea de manera original el registro BPMSU
Idioma de catalogación spa
Agencia que realiza la transcripción BPMSU
082 #4 - NÚMERO DE CLASIFICACIÓN DECIMAL DE DEWEY
Classification number 370.114
Item number G423v 2009
Edition number 22
100 1# - ASIENTO PRINCIPAL -- NOMBRE PERSONAL
Nombre personal Ghiglioni, Marta
245 10 - MENCIÓN DE TITULO
Título Los valores de los pequeños /
Mención de responsabilidad textos formativos y literarios Franco Vaccarini ; adaptación Marta Ghiglioni
246 14 - VARIACION DEL TÍTULO
Título propiamente dicho o título corto Los valores de los pequeños :
Subtítulo actitudes que atesoran una mejor convivencia para los niños
Institución que aplica el campo
260 ## - PUBLICACIÓN, DISTRIBUCIÓN, ETC. (PIE DE IMPRENTA)
Lugar de publicación, distribución, etc Montevideo República de Uruguay :
Nombre del editor, distribuidor, etc. Arqueotipo Grupo Editorial,
Fecha de publicación, distribución, etc 2009
300 ## - DESCRIPCIÓN FÍSICA
Extensión 200 p. :
Otros detalles físicos il.;
Dimensiones 28 cm.
505 0# - NOTA DE CONTENIDO
Información miscelánea v.1.
Título Como es?
505 0# - NOTA DE CONTENIDO
Información miscelánea v.2.
Título Como funciona?
590 ## - NOTA LOCAL
Texto de la nota local Inventariado, 2024/VM
650 #4 - ENCABEZAMIENTO DE MATERIA--TEMÁTICO
Término temático o nombre geográfico como elemento de entrada Educación de niños
650 #4 - ENCABEZAMIENTO DE MATERIA--TEMÁTICO
Término temático o nombre geográfico como elemento de entrada Cambio social
650 #4 - ENCABEZAMIENTO DE MATERIA--TEMÁTICO
Término temático o nombre geográfico como elemento de entrada Educación en el hogar
650 #4 - ENCABEZAMIENTO DE MATERIA--TEMÁTICO
Término temático o nombre geográfico como elemento de entrada Valores sociales
700 1# - ASIENTO SECUNDARIO -- NOMBRE PERSONAL
Nombre personal Vaccarini, Franco
910 ## - VALIDACIÓN
Validación VMateo V. Control de calidad. NPMSU
942 ## - ADDED ENTRY ELEMENTS (KOHA)
Source of classification or shelving scheme Dewey Decimal Classification
Koha item type Libros
Existencias
Withdrawn status Lost status Source of classification or shelving scheme Damaged status Not for loan Collection code Home library Current library Date acquired Total Checkouts Full call number Barcode Date last seen Price effective from Koha item type
    Dewey Decimal Classification     Colección Infantil General Biblioteca Pública Metropolitana Salomé Ureña Biblioteca Pública Metropolitana Salomé Ureña 09/17/2024   BPMSU CGI 370.114 G423v 2009 BPMSU24090056 09/17/2024 09/17/2024 Libros